Flags with two colours - Statistics

General Stats
  • This quiz has been taken 42 times
  • The average score is 14 of 16
Answer Stats
Picture Answer % Correct
Austria
97%
Canada
94%
China
94%
Japan
94%
Sweden
94%
Ukraine
94%
Israel
91%
Nigeria
91%
Qatar
91%
North Macedonia
88%
Bangladesh
82%
Monaco
79%
Latvia
76%
Peru
76%
Bahrain
71%
Palau
62%
No matching quizzes found
Score Distribution
Percent of People with Each Score
Percentile by Number Answered
Your Score History
You have not taken this quiz